Southville International School and Colleges
Your cart is empty.
  • Cart
  • Lists
    Public lists Eva Luna New books Lux_list list_1
    Your lists Log in to create your own lists
  • Log in to your account
  • Your cookies
  • Search history
Southville International School and Colleges
  • Advanced search
  • Recent comments
  • Most popular
  • Libraries

Log in to your account

Log in with GOOGLE


If you do not have an external account, but do have a local account, you can still log in:

  1. Home
  2. MARC view: Ethics for college students /
Normal view MARC view ISBD view

Ethics for college students / (Record no. 363109)

[ view plain ]
MARC details
000 -LEADER
fixed length control field 00546nam a2200205Ia 4500
008 - FIXED-LENGTH DATA ELEMENTS--GENERAL INFORMATION
fixed length control field 191119s9999 xx 000 0 und d
020 ## - INTERNATIONAL STANDARD BOOK NUMBER
International Standard Book Number 978-621-406-171-6
050 ## - LIBRARY OF CONGRESS CALL NUMBER
Classification number FIL BJ 1012
050 ## - LIBRARY OF CONGRESS CALL NUMBER
Item number .L43 2018
100 ## - MAIN ENTRY--PERSONAL NAME
Personal name Leaño, Roman D., Jr.
245 #0 - TITLE STATEMENT
Title Ethics for college students /
245 #0 - TITLE STATEMENT
Statement of responsibility, etc Roman D. Leaño, Jr., Arthur B. Gubia-on.
260 ## - PUBLICATION, DISTRIBUTION, ETC. (IMPRINT)
Place of publication, distribution, etc Philippines :
260 ## - PUBLICATION, DISTRIBUTION, ETC. (IMPRINT)
Name of publisher, distributor, etc Mindshapers,
260 ## - PUBLICATION, DISTRIBUTION, ETC. (IMPRINT)
Date of publication, distribution, etc 2018
300 ## - PHYSICAL DESCRIPTION
Extent 267 pages :
300 ## - PHYSICAL DESCRIPTION
Dimensions 26 cm.
500 ## - GENERAL NOTE
General note Includes bibliographic references.
650 ## - SUBJECT ADDED ENTRY--TOPICAL TERM
Topical term or geographic name as entry element Ethics.
Holdings
Withdrawn status Lost status Damaged status Home library Current library Shelving location Date acquired Cost, normal purchase price Total Checkouts Full call number Barcode Date last seen Price effective from Koha item type
      South Mansfield College South Mansfield College Filipiniana Section 08/08/2019 375.00   FIL BJ 1012 .L43 2018 SMC06244 06/01/2020 06/01/2020 Books

Ethics for college students /

APA

Leaño R. D. J., .Ethics for college students. Philippines: .

Chicago

Leaño Roman D Jr, .Ethics for college students. Philippines: .

Harvard

Leaño R. D. J., .Ethics for college students. Philippines: .

MLA

Leaño Roman D Jr, .Philippines: . .

  • Place hold
  • Print
  • Cite
  • Add to your cart (remove)
  • Save record
    BIBTEX Dublin Core MARCXML MARC (non-Unicode/MARC-8) MARC (Unicode/UTF-8) MARC (Unicode/UTF-8, Standard) MODS (XML) RIS
  • More searches
    Search for this title in:
    Other Libraries (WorldCat) Other Databases (Google Scholar) Online Stores (Bookfinder.com) Open Library (openlibrary.org)

Exporting to Dublin Core...

SOUTHVILLE LIBRARY

Southville International School and Colleges Library

1281 Tropical Ave. Cor. Luxembourg St., BF Homes International, Las Pinas City

Tel. No. 8256374 / 252358 Loc. 117/146

Powered by Koha